000 00440nam a22001577a 4500
003 OSt
005 20251007044838.0
008 251007b |||||||| |||| 00| 0 eng d
020 _a978-0-446-61614-0
040 _aDWC-Main Lib.
_cOC
100 _aMELTZER, BRAD
245 _aThe book of lies/
_cMELTZER, BRAD
260 _aNew York :
_bGrand Central Publishing,
_cc2008.
300 _a435 pages ;
_c18 cm.
942 _2ddc
_cFIC.
_hFic.
_n0
999 _c4683
_d4683